000
00211nam a22000857a 4500
008
160719b xxu||||| |||| 00| 0 eng d
100
_9
3045
_a
Meesukon P
245
_a
Lion Stories
260
_a
USA
_b
M.B Publication
_c
2008
999
_c
2608
_d
2608